Angers, Musée Pincé : collections égyptiennes /

Saved in:

Main Author: Affholder-Gérard, Brigitte.

Corporate Authors: Musée Pincé., Musées d'Angers.

Other Authors: Cornic, Marie-Jeanne.

Format: Book

Language: French

Published: Paris : Editions de la Réunion des musées nationaux, 1990.

Series: Inventaire des collections publiques françaises, 35.

Subjects:

Tags: Add Tag

No Tags, Be the first to tag this record!

Call Number: DT59 .A33 1990

LEADER 01242namaa2200337 4500
001 13421
003 OSt
005 20260503134725.0
008 130303s1990 fr a c 001 0 fre d
010 |a 1214288 
020 |a 2711822931 
040 |c ARCE Library 
043 |a f-ua---  |a e-fr--- 
050 4 |a DT59 .A33 1990 
100 1 |a Affholder-Gérard, Brigitte.  |9 24823 
245 1 0 |a Angers, Musée Pincé :  |b collections égyptiennes /  |c par Brigitte Affholder-Gérard et Marie-Jeanne Cornic (tissus coptes). 
264 1 |a Paris :   |b Editions de la Réunion des musées nationaux,   |c 1990. 
300 |a 216 pages :  |b illustrations (some color) ;  |c 24 cm. 
490 1 |a Inventaire des collections publiques françaises,   |x 0539-2241 ;   |v 35. 
500 |a Catalog of the holdings of the Musées d'Angers. 
500 |a Includes index. 
504 |a Bliography : (pages 19-23). 
650 0 |a Art museums   |z France  |z Angers  |x Catalogs. 
650 0 |a Art, Egyptian   |z France   |z Angers   |x Catalogs. 
700 1 |a Cornic, Marie-Jeanne.  |9 28325 
710 2 |a Musée Pincé. 
710 2 |a Musées d'Angers. 
830 0 |a Inventaire des collections publiques françaises,   |x 0539-2241 ;   |v 35. 
901 |a reviewed 
942 |c BK  |2 lcc 
999 |c 13315  |d 13315